[Event "FRM-chT"]
[Site "Struga"]
[Date "2018.08.11"]
[Round "1.4"]
[White "Kostadinovski, Zoran"]
[Black "Gotovusa, Goran"]
[Result "0-1"]
[WhiteElo "1848"]
[BlackElo "2162"]
[PlyCount "112"]
[EventDate "2018.08.11"]
[EventType "team-tourn"]
[EventRounds "7"]
[EventCountry "MKD"]
[SourceTitle "CBM 186 Extra"]
[Source "ChessBase"]
[SourceDate "2018.08.24"]
[SourceVersion "1"]
[SourceVersionDate "2018.08.24"]
[SourceQuality "1"]
[WhiteTeam "Bitola Noemvri"]
[BlackTeam "Prilep"]
[WhiteTeamCountry "MKD"]
[BlackTeamCountry "MKD"]

1. e4 e5 2. Nf3 Nf6 3. Nxe5 d6 4. Nf3 Nxe4 5. h3 Be7 6. d3 Nf6 7. Nc3 0-0 8. Be3 d5 9. d4 Nc6 10. a3 Ne4 11. Be2 f5 12. 0-0 Be6 13. Re1 Bf6 14. Na4 Re8 15. b4 Bf7 16. Qd3 a6 17. Rad1 b6 18. Qb3 Nd6 19. Bd3 g6 20. c3 Nc4 21. Nb2 b5 22. Ra1 Qd6 23. Qc2 f4 24. Bd2 Rxe1+ 25. Bxe1 Ne7 26. Nxc4 bxc4 27. Bf1 g5 28. Nh2 Bg6 29. Qa4 h5 30. Be2 Kg7 31. Bd2 Nf5 32. Re1 c6 33. Qd1 Kh6 34. Bc1 Qd7 35. a4 Re8 36. a5 Nd6 37. Bf3 Rxe1+ 38. Qxe1 Qf5 39. Bd2 Qb1 40. Qxb1 Bxb1 41. h4 Kg6 42. hxg5 Bxg5 43. Kf1 Be4 44. Bd1 f3 45. Bxg5 fxg2+ 46. Kg1 Kxg5 47. f3 Bd3 48. Kxg2 Nb5 49. f4+ Kxf4 50. Bxh5 Nxc3 51. Be8 Na2 52. b5 cxb5 53. Bxb5 Nb4 54. Ba4 c3 55. Kf2 c2 56. Bxc2 Nxc2 0-1

[Event "Skopje U2200 op"]
[Site "Skopje"]
[Date "2017.12.08"]
[Round "3"]
[White "Djukic, Sandra"]
[Black "Gotovusa, Goran"]
[Result "1-0"]
[WhiteElo "2096"]
[BlackElo "2176"]
[PlyCount "41"]
[EventDate "2017.12.07"]
[EventType "swiss"]
[EventRounds "7"]
[EventCountry "MKD"]
[SourceTitle "CBM 182 Extra"]
[Source "ChessBase"]
[SourceDate "2018.02.23"]
[SourceVersion "1"]
[SourceVersionDate "2018.02.23"]
[SourceQuality "1"]

1. d4 d5 2. c4 e6 3. Nc3 c6 4. Qb3 Nf6 5. Nf3 h6 6. Bf4 Bd6 7. Bxd6 Qxd6 8. e3 Nbd7 9. cxd5 exd5 10. Bd3 0-0 11. 0-0 b5 12. Rac1 a6 13. Qc2 c5 14. dxc5 Qxc5 15. Rfd1 Nb6 16. Qe2 Qe7 17. h3 Bd7 18. Nd4 g6 19. a3 Rfc8 20. Qf3 Kg7 21. Re1 1-0

[Event "FRM-chT 16th"]
[Site "Ohrid"]
[Date "2017.07.28"]
[Round "5.3"]
[White "Gotovusa, Goran"]
[Black "Jovic, Stanoje"]
[Result "1/2-1/2"]
[WhiteElo "2179"]
[BlackElo "2294"]
[PlyCount "109"]
[EventDate "2017.07.24"]
[EventType "team-tourn"]
[EventRounds "5"]
[EventCountry "MKD"]
[SourceTitle "CBM 179 Extra"]
[Source "ChessBase"]
[SourceDate "2017.08.23"]
[SourceVersion "1"]
[SourceVersionDate "2017.08.23"]
[SourceQuality "1"]
[WhiteTeam "Prilep"]
[BlackTeam "Gostivar"]
[WhiteTeamCountry "MKD"]
[BlackTeamCountry "MKD"]

1. d4 Nf6 2. Nf3 e6 3. e3 b6 4. Be2 Bb7 5. 0-0 Be7 6. b3 0-0 7. Bb2 c5 8. Nbd2 cxd4 9. Nxd4 a6 10. Bf3 Qc7 11. Bxb7 Qxb7 12. Qf3 Qxf3 13. gxf3 d5 14. c4 Bb4 15. Rfd1 Bxd2 16. Rxd2 dxc4 17. bxc4 Rc8 18. Rc1 Nbd7 19. Nb3 Rc6 20. Bxf6 Nxf6 21. c5 Rac8 22. Kg2 Nd5 23. cxb6 Rxc1 24. b7 Rb8 25. Nxc1 Rxb7 26. Rc2 g5 27. Nd3 Rb5 28. e4 Nf4+ 29. Nxf4 gxf4 30. h4 Ra5 31. Kh3 h5 32. Kg2 Kg7 33. Rb2 Ra3 34. Rd2 Kf6 35. Rc2 Ra5 36. Kf1 Ke5 37. a4 Kd4 38. Rd2+ Kc3 39. Rd7 f5 40. e5 Rxe5 41. Rh7 Ra5 42. Rxh5 Rxa4 43. Rh6 Ra1+ 44. Kg2 a5 45. Rxe6 a4 46. h5 Rd1 47. Ra6 Kb3 48. Rb6+ Kc2 49. Ra6 Kb3 50. h6 a3 51. Rb6+ Kc2 52. h7 Rd8 53. Ra6 Kb2 54. Rb6+ Kc2 55. Ra6 1/2-1/2

[Event "Skopje-ch op"]
[Site "Skopje"]
[Date "2015.12.13"]
[Round "3"]
[White "Gotovusa, Goran"]
[Black "Stanojoski, Zvonko"]
[Result "0-1"]
[WhiteElo "2124"]
[BlackElo "2423"]
[PlyCount "88"]
[EventDate "2015.12.13"]
[EventType "swiss"]
[EventRounds "9"]
[EventCountry "MKD"]
[SourceTitle "EXT 2018"]
[Source "ChessBase"]
[SourceDate "2017.10.13"]
[SourceVersion "1"]
[SourceVersionDate "2017.10.13"]
[SourceQuality "1"]

1. d4 Nf6 2. Nf3 c5 3. e3 e6 4. Bd3 b6 5. 0-0 Bb7 6. Nbd2 Be7 7. b3 Nc6 8. a3 Qc7 9. Bb2 cxd4 10. exd4 Nd5 11. Re1 Nf4 12. Bf1 0-0 13. g3 Ng6 14. Bg2 Bf6 15. Qe2 Rfe8 16. Ne4 Be7 17. Rad1 d5 18. Neg5 Bxg5 19. Nxg5 h6 20. Nf3 Rac8 21. Rd2 Nce7 22. Bh3 a5 23. a4 Nc6 24. Ba3 Ra8 25. Qe3 Ba6 26. Bg2 Rac8 27. h4 Nb4 28. Bxb4 axb4 29. Ra1 Qd6 30. a5 Rc3 31. Qe1 Rec8 32. Qd1 Qc7 33. Ne1 bxa5 34. h5 Ne7 35. Bh3 Bb5 36. Qb1 Nc6 37. Qd1 Qe7 38. Qg4 Qf6 39. Bf1 Bxf1 40. Kxf1 Ra8 41. Ra4 Ne7 42. Nd3 Rcc8 43. Nc5 Nf5 44. Nd7 Ne3+ 0-1

[Event "FRM-chT 24th"]
[Site "Struga"]
[Date "2015.07.20"]
[Round "1"]
[White "Gotovusa, Goran"]
[Black "Petrov, Georgi"]
[Result "0-1"]
[WhiteElo "2194"]
[BlackElo "2227"]
[PlyCount "84"]
[EventDate "2015.07.20"]
[EventType "team-tourn"]
[EventRounds "7"]
[EventCountry "MKD"]
[SourceTitle "CBM 167 Extra"]
[Source "ChessBase"]
[SourceDate "2015.09.14"]
[SourceVersion "1"]
[SourceVersionDate "2015.09.14"]
[SourceQuality "1"]
[WhiteTeam "Prilep"]
[BlackTeam "Bitola Noemvri"]
[WhiteTeamCountry "MKD"]
[BlackTeamCountry "MKD"]

1. d4 Nf6 2. Nf3 d5 3. Bg5 c6 4. c3 Bf5 5. e3 Nbd7 6. Be2 h6 7. Bh4 e6 8. Ne5 Qb6 9. Nxd7 Nxd7 10. Qb3 Bd6 11. Nd2 0-0 12. 0-0 c5 13. Qxb6 axb6 14. Bb5 Nf6 15. Bxf6 gxf6 16. dxc5 bxc5 17. e4 Bxe4 18. Nxe4 dxe4 19. a4 Rfd8 20. Rfd1 Bf4 21. Kf1 Rd5 22. Ke2 Rad8 23. g3 Bd2 24. a5 f5 25. Bc4 R5d6 26. a6 bxa6 27. Rxa6 f4 28. gxf4 Bxf4 29. Rdxd6 Bxd6 30. Rc6 Bf4 31. b3 Rd2+ 32. Ke1 Rc2 33. Rxc5 Bxh2 34. b4 Bg1 35. Rc8+ Kg7 36. Be2 f5 37. b5 f4 38. b6 Rb2 39. Rc7+ Kf6 40. b7 f3 41. Rc4 Rxe2+ 42. Kf1 Bh2 0-1

[Event "FRM-chT 19th"]
[Site "Struga"]
[Date "2010.08.12"]
[Round "4"]
[White "Veleski, Robert"]
[Black "Gotovusa, Goran"]
[Result "1-0"]
[WhiteElo "2273"]
[BlackElo "2191"]
[PlyCount "99"]
[EventDate "2010.08.09"]
[EventType "team"]
[EventRounds "7"]
[EventCountry "MKD"]
[SourceTitle "CBM 137 Extra"]
[Source "ChessBase"]
[SourceDate "2010.09.01"]
[SourceVersion "1"]
[SourceVersionDate "2010.09.01"]
[SourceQuality "1"]

1. e4 e5 2. Nf3 Nf6 3. Nxe5 d6 4. Nf3 Nxe4 5. Qe2 Qe7 6. d3 Nf6 7. Bg5 Qxe2+ 8. Bxe2 Be7 9. Nc3 c6 10. 0-0-0 Na6 11. d4 Nc7 12. h3 Be6 13. Rhe1 0-0-0 14. Bd3 h6 15. Bd2 Rhe8 16. Ne2 Bf8 17. Ng3 g6 18. c4 Bd7 19. Re3 Ne6 20. Rde1 Nf4 21. Bf1 N6h5 22. Nxh5 Nxh5 23. g4 Nf6 24. g5 Ng8 25. h4 h5 26. Ba5 b6 27. Bb4 Kc7 28. c5 dxc5 29. dxc5 Bxc5 30. Bxc5 bxc5 31. Ne5 Be6 32. Nxg6 fxg6 33. Rxe6 Rxe6 34. Rxe6 Rd6 35. Re8 Rd8 36. Rxd8 Kxd8 37. Bd3 Ne7 38. Be4 Kd7 39. Kd2 Kd6 40. f4 c4 41. Ke3 Kc5 42. a3 a6 43. f5 gxf5 44. Bf3 Kd6 45. Bxh5 Ke5 46. Bf7 f4+ 47. Kf3 Nf5 48. h5 Nd4+ 49. Kf2 Kf5 50. h6 1-0

[Event "FRM-chT 18th"]
[Site "Struga"]
[Date "2009.08.16"]
[Round "7"]
[White "Jacimovic, Dragoljub"]
[Black "Gotovusa, Goran"]
[Result "1-0"]
[WhiteElo "2427"]
[BlackElo "2197"]
[PlyCount "57"]
[EventDate "2009.08.10"]
[EventType "team-tourn"]
[EventRounds "7"]
[EventCountry "MKD"]
[SourceTitle "CBM 131 Extra"]
[Source "ChessBase"]
[SourceDate "2009.09.03"]
[SourceVersion "2"]
[SourceVersionDate "2009.09.16"]
[SourceQuality "1"]

1. d4 d5 2. c4 e6 3. Nc3 c6 4. Nf3 dxc4 5. a4 Bb4 6. e3 b5 7. Bd2 Bb7 8. axb5 Bxc3 9. Bxc3 cxb5 10. b3 a5 11. bxc4 b4 12. Bb2 Nf6 13. Bd3 0-0 14. 0-0 Ne4 15. Nd2 Nxd2 16. Qxd2 f5 17. f3 Qg5 18. d5 exd5 19. f4 Qe7 20. Rf3 d4 21. Rg3 dxe3 22. Qc2 g6 23. Bxf5 e2 24. Be5 Rxf5 25. Qxf5 Qc5+ 26. Kh1 Qf2 27. Rxg6+ hxg6 28. Qxg6+ Kf8 29. Bd6# 1-0

[Event "FRM-chT 18th"]
[Site "Struga"]
[Date "2009.08.10"]
[Round "1"]
[White "Andonovski, Ljubisa"]
[Black "Gotovusa, Goran"]
[Result "0-1"]
[WhiteElo "2277"]
[BlackElo "2197"]
[PlyCount "68"]
[EventDate "2009.08.10"]
[EventType "team-tourn"]
[EventRounds "7"]
[EventCountry "MKD"]
[SourceTitle "CBM 131 Extra"]
[Source "ChessBase"]
[SourceDate "2009.09.03"]
[SourceVersion "2"]
[SourceVersionDate "2009.09.16"]
[SourceQuality "1"]

1. d4 d5 2. c4 e6 3. Nf3 c6 4. Qc2 Nf6 5. Bg5 Nbd7 6. cxd5 exd5 7. Nc3 Be7 8. e3 0-0 9. Bd3 h6 10. Bf4 Re8 11. h3 a6 12. g4 Bb4 13. Kf1 g5 14. Bh2 Nf8 15. Ne5 c5 16. Rd1 cxd4 17. exd4 Bd6 18. f3 Qc7 19. Bf5 Be6 20. h4 N6d7 21. hxg5 hxg5 22. Nxd7 Qxd7 23. Nxd5 Qb5+ 24. Kg2 Bxd5 25. Bxd6 Re2+ 26. Kg3 Rxc2 27. Bxc2 Qe2 28. Be4 Bxe4 29. fxe4 Qe3+ 30. Kh2 Qf2+ 31. Kh3 Qh4+ 32. Kg2 Qxg4+ 33. Kf2 Qxe4 34. Be5 f6 0-1

[Event "MNT op 5th"]
[Site "Sozina"]
[Date "2004.02.25"]
[Round "8"]
[White "Gotovusa, Goran"]
[Black "Nemeth, Francisc"]
[Result "0-1"]
[WhiteElo "2210"]
[BlackElo "2362"]
[PlyCount "94"]
[EventDate "2004.02.18"]
[EventType "swiss"]
[EventRounds "9"]
[EventCountry "MNE"]
[SourceTitle "CBM 098 Extra"]
[Source "ChessBase"]
[SourceDate "2004.03.10"]
[SourceVersion "2"]
[SourceVersionDate "2004.03.10"]
[SourceQuality "1"]

1. d4 Nf6 2. Nf3 b5 3. e3 a6 4. Bd3 Bb7 5. 0-0 g6 6. Nbd2 Bg7 7. c3 0-0 8. e4 d6 9. a4 c6 10. Re1 Nfd7 11. Nb3 Qc7 12. Qe2 e5 13. dxe5 Nxe5 14. Nxe5 Bxe5 15. Nd2 Nd7 16. Nf3 Bg7 17. Bf4 Rfe8 18. Qc2 Nc5 19. b3 Rad8 20. Be3 Nxd3 21. Qxd3 c5 22. Bg5 f6 23. Bh4 c4 24. Qc2 cxb3 25. Qxb3+ Qc4 26. Qxc4+ bxc4 27. Nd2 d5 28. Rab1 Rd7 29. Bg3 Bh6 30. Red1 dxe4 31. Nxc4 Rxd1+ 32. Rxd1 Bc6 33. Nd6 Re6 34. Nc4 Bxa4 35. Rd8+ Re8 36. Rd4 Bc2 37. h3 f5 38. Ne3 Bb3 39. Rd6 Be6 40. Be5 a5 41. Bd4 a4 42. Ra6 f4 43. Nd1 Bb3 44. Nb2 e3 45. fxe3 fxe3 46. Nxa4 e2 47. Bf2 Be3 0-1